|
|
|
|
| LEADER |
00000nab a2200000 a 4500 |
| 001 |
vtls011107268 |
| 003 |
SK-MaSNL |
| 005 |
20260303143501.0 |
| 008 |
230222|2009 xo |||||||||||||||||slo| |
| 015 |
|
|
|a SNBRB
|
| 035 |
|
|
|a (uuid)06908330-f36c-4627-989d-deaeabdc2c44
|
| 035 |
|
|
|a (urnnbn)urn:nbn:sk:snk:ar-a08a8z
|
| 035 |
|
|
|a urn:nbn:sk:snk-ab9dic
|
| 040 |
|
|
|a SNKBUCL
|b slo
|c SNKBUCL
|e AACR2
|
| 041 |
0 |
|
|a slo
|
| 044 |
|
|
|a xo
|c SK
|
| 100 |
1 |
|
|a Vrba, Anton
|4 aut
|9 1164317
|
| 245 |
1 |
0 |
|a Poškodzovanie plynárenských zariadení tretími stranami
|c Anton Vrba
|
| 773 |
0 |
|
|t Slovgas : odborný plynárenský časopis
|g Roč. 18, č. 4 (2009), s. 14-15
|
| 954 |
|
|
|a odborná, vedecká literatúra pôvodná (slovenská)
|2 lita
|
| 958 |
|
|
|a OND
|
| 958 |
|
|
|a EUIPO
|
| 958 |
|
|
|a article13
|
| 999 |
|
|
|c 1990421
|d 1992351
|